000 00583nam a22001817a 4500
003 BUBTL
008 190225b xxu||||| |||| 00| 0 eng d
020 _a984-8484-20-5
082 _a891.443 / RAS
100 _92441
_aঠাকুর, রবীন্দ্রনাথ
245 _aশেষের কবিতা /
_cরবীন্দ্রনাথ ঠাকুর
260 _aDhaka :
_bPrio Book Center,
_cc2013.
300 _a80 p. :
_c22 cm.
650 0 _92152
_aBengali Literature
856 _k0
_l0
_yDownload
942 _2ddc
_cBK
999 _c5878
_d5878